Online katalóg knižníc regiónu Turca

Trojitý zásah (Record no. 22325)

MARC details
000 -LEADER
fixed length control field 01493cam a2200421 a 4500
001 - CONTROL NUMBER
control field 22325
003 - CONTROL NUMBER IDENTIFIER
control field VRT
005 - DATE AND TIME OF LATEST TRANSACTION
control field 20260326134805.0
008 - FIXED-LENGTH DATA ELEMENTS--GENERAL INFORMATION
fixed length control field 240315s2011 xo g 000 f slo
015 ## - NATIONAL BIBLIOGRAPHY NUMBER
National bibliography number SNBA2012/10-05218
020 ## - INTERNATIONAL STANDARD BOOK NUMBER
International Standard Book Number 9788089482368
Qualifying information (viaz.)
035 ## - SYSTEM CONTROL NUMBER
System control number 745740CB-0D86-43F1-A198-149DC4CCCFAF
035 ## - SYSTEM CONTROL NUMBER
System control number urn:nbn:sk:snk-amjiq5
035 ## - SYSTEM CONTROL NUMBER
System control number urn:nbn:sk:snk-am002c3n
039 #9 - LEVEL OF BIBLIOGRAPHIC CONTROL AND CODING DETAIL [OBSOLETE]
Level of rules in bibliographic description 202403221147
Level of effort used to assign nonsubject heading access points AUTHORITY
Level of effort used to assign subject headings 202403151826
Level of effort used to assign classification VLOAD
Level of effort used to assign subject headings 201701181103
Level of effort used to assign classification mbpksh02
Level of effort used to assign subject headings 201508271406
Level of effort used to assign classification VLOAD
040 ## - CATALOGING SOURCE
Original cataloging agency PPPK
Language of cataloging slo
Transcribing agency PPPK
Modifying agency SNK
Description conventions AACR2
041 1# - LANGUAGE CODE
Language code of text/sound track or separate title slo
Language code of original eng
044 ## - COUNTRY OF PUBLISHING/PRODUCING ENTITY CODE
MARC country code xo
ISO country code SK
072 #7 - SUBJECT CATEGORY CODE
Subject category code 821.111-3
Subject category code subdivision Anglická próza, anglicky písaná
Source konspekt
080 ## - UNIVERSAL DECIMAL CLASSIFICATION NUMBER
Universal Decimal Classification number 821.111-31
Edition identifier 2001
100 1# - MAIN ENTRY--PERSONAL NAME
Personal name Johnson, Milly,
Dates associated with a name 1964-
Relationship aut
240 14 - UNIFORM TITLE
Uniform title The yorkshire pudding club
Language of a work Slovensky
245 10 - TITLE STATEMENT
Title Trojitý zásah
Statement of responsibility, etc. Milly Johnson ; [z anglického originálu preložila Lenka Loncová]
250 ## - EDITION STATEMENT
Edition statement 1. vyd.
260 ## - PUBLICATION, DISTRIBUTION, ETC.
Place of publication, distribution, etc. [Bratislava]
Name of publisher, distributor, etc. Motýľ
Date of publication, distribution, etc. 2011
300 ## - PHYSICAL DESCRIPTION
Extent 294 s.
Dimensions 21 cm
500 ## - GENERAL NOTE
General note Miesto vydania uvedené podľa ISBN
655 #7 - INDEX TERM--GENRE/FORM
Genre/form data or focus term anglické romány
Source of term SNKPH
655 #7 - INDEX TERM--GENRE/FORM
Genre/form data or focus term English fiction
Source of term SNKPHeng
700 1# - ADDED ENTRY--PERSONAL NAME
Personal name Loncová, Lenka
Relationship trl
910 ## - USER-OPTION DATA (OCLC)
User-option data bpksh
942 ## - ADDED ENTRY ELEMENTS (KOHA)
Source of classification or shelving scheme Dewey Decimal Classification
Koha item type Krásna literatúra pre dospelých
Suppress in OPAC No
949 ## - LOCAL PROCESSING INFORMATION (OCLC)
6 270001000380169
a svkbbA 133257
b svkbbm 723244
949 ## - LOCAL PROCESSING INFORMATION (OCLC)
6 17A1017498
a snkSC 149825 D1
b snk2012/12882
o 1406/12
s 6100:20140925
949 ## - LOCAL PROCESSING INFORMATION (OCLC)
6 17A1017892
a snkSC 149825
b snk2012/11040
o 1406/12
949 ## - LOCAL PROCESSING INFORMATION (OCLC)
6 3869A18378
a bpksh821.111-31
b bpksh68981
980 ## - EQUIVALENCE OR CROSS-REFERENCE-SERIES STATEMENT--PERSONAL NAME/TITLE [LOCAL, CANADA]
Personal name 821.111-31
Holdings
Stav vyradenia Strata Poškodenie Spôsob nadobudnutia Domovská knižnica Aktuálna knižnica Dátum nadobudnutia Total checkouts Čiarový kód exemplára Date last seen Typ exemplára
      Dar Obecná knižnica Horná Štubňa Obecná knižnica Horná Štubňa 26.03.2026   9788089482368 26.03.2026 Krásna literatúra pre dospelých
Projekt je podporený Slovenskou asociáciou knižníc
Prevádzkuje Turčianska knižnica Martin 2026